| 000 | 01610nam0a2200385 4500 | ||
|---|---|---|---|
| 001 | RU\NLR\BIBL_A\011382460 | ||
| 005 | 20250626055035.0 | ||
| 010 |
_a978-5-4444-5773-3 _91000 |
||
| 021 |
_aRU _b2017-25841 _91918 |
||
| 035 | _a(RuMoRGB)008851404 | ||
| 035 | _a(NLR Aleph) 011382460 | ||
| 090 |
_a11409042 _c11409042 |
||
| 100 | _a20170510d2017 |||y0rusy50 ca | ||
| 101 | 0 | _arus | |
| 102 | _aRU | ||
| 105 | _aac z 000zy | ||
| 200 | 1 |
_aВ борьбе с большевизмом _fП. Р. Бермондт-Авалов |
|
| 210 |
_aМосква _cВече _d2017 |
||
| 215 |
_a429, [2] с., [8] л. ил., портр. _d22 |
||
| 225 | 1 | _aОкаянные дни | |
| 333 | _a12+ | ||
| 601 | 0 | 2 |
_aСеверо-Западная добровольческая армия _c1918 - 1920 _jВоспоминания, записки и т.п _xИстория _92201678 _3RU\NLR\AUTH\661322995 |
| 606 | 1 |
_aГражданская война и военная интервенция в России _jВоспоминания, записки и т.п _yПрибалтика _z1918 - 1920 _92329825 _3RU\NLR\AUTH\6601617559 |
|
| 686 |
_aТ3(2)712,013.1 _2rubbk |
||
| 686 |
_aТ3(2)712.213,013.1 _2rubbk |
||
| 686 |
_aЦ35(2)712-424.1,2д.Авалов П.М. _2rubbk |
||
| 686 | 1 | _aТ3(2)712.9-497,013 | |
| 686 | 1 | _aТ3(2)712.212,013 | |
| 686 | 1 | _aЦ35(2)712-4,2 | |
| 700 | 1 |
_7ca _8rus _aБермондт-Авалов _bП. Р. _f1884-1973 _gПавел Рафаилович _9173924 _3RU\NLR\AUTH\770173975 |
|
| 942 | _cBOOK | ||
| 980 | _aNBR | ||
| 980 | _aNB | ||